000 01419cab a2200301 4500
001 ##L133176
008 060419n2006 000 0 eng u
035 _a(Sirsi) u133176
041 0 _aeng
100 1 _aBignell, Janet
245 0 4 _aThe key to surrenders
260 _c2006
490 0 _aEstates Gazette
_v(0614) 8 April 2006, 170-171(2)
520 _aExplains the circumstances in which implied surrender and regrant of a lease can occur and the costs to both landlord and tenant. Certain variations to a lease will cause that lease to be surrendered and a new lease to be granted by operation of law. Discusses the reduction of the extent of the demised premises, the effect of other variations and ways of avoiding a surrender and regrant when extending the term or demise.
590 _aIKA250406
650 2 4 _aLANDLORD AND TENANT (COVENANTS) ACT 1995
650 2 4 _aJONES V BRIDGEMAN
650 2 4 _aRE SAVILE SETTLED ESTATES
650 2 4 _aJENKIN R LEWIS AND SONS LTD V KERMAN
650 2 4 _aASHBURN ANSTALT V ARNOLD (NO 2)
650 2 4 _aANTONIADES V VILLIERS
650 2 4 _aJOSEPH V JOSEPH
650 2 4 _aFRIENDS PROVIDENT LIFE OFFICE V BRITISH RAILWAYS BOARD
650 2 4 _aSTAMP DUTY LAND TAX
690 _aPROPERTY-COMMERCIAL PROPERTY-LEASEHOLD COMMERCIAL PROPERTY-COMMERCIAL LANDLORD AND TENANT-BUSINESS TENANCIES-VARIATION OF BUSINESS TENANCIES
700 1 _aDollar, Peta
942 _n0
999 _c76843
_d76843